| 000 | 01274cam a22003734a 4500 | ||
|---|---|---|---|
| 001 | 12441683 | ||
| 003 | OSt | ||
| 005 | 20140310182128.0 | ||
| 008 | 010614s2002 mnua c b 001 0 eng | ||
| 010 | _a 2001003636 | ||
| 020 | _a073681051X | ||
| 040 |
_aDLC _cDLC _dDLC |
||
| 042 |
_apcc _alcac |
||
| 043 | _an-us--- | ||
| 050 | 0 | 0 |
_aGV 865.R62 _b.C68 2002 |
| 082 | 0 | 0 |
_aHS 796.357 _bC83 2002 |
| 100 | 1 |
_aCovert, Kim. _914489 |
|
| 245 | 1 | 0 |
_aAlex Rodriguez / _cKim Covert. |
| 260 |
_aMankato, Minn. : _bCapstone High-Interest Books, _cc2002. |
||
| 300 |
_a48 p. : _bcol. ill. ; _c23 cm. |
||
| 490 | 1 | _aSports heroes | |
| 521 | _a | ||
| 526 | _c | ||
| 600 | 1 | 0 |
_aRodriguez, Alex, _d1975- _vJuvenile literature. _914490 |
| 600 | 1 | 1 |
_aRodriguez, Alex, _d1975- _914491 |
| 650 | 0 |
_aBaseball players _zUnited States _vBiography _vJuvenile literature. _914492 |
|
| 650 | 1 |
_aBaseball players. _96276 |
|
| 650 | 1 |
_aDominican Americans _vBiography. _914493 |
|
| 830 | 0 |
_aSports heroes (Mankato, Minn.) _914480 |
|
| 906 |
_a7 _bcbc _corignew _d1 _eecip _f20 _gy-gencatlg |
||
| 942 |
_2lcc _cHS |
||
| 999 |
_c9646 _d9646 |
||